Small angle x-ray scattering /

Guardado en:
Otros Autores: Glatter, O., (Editor , ed.), Kratky, O., (Editor , ed.)
Formato: Libro
Idioma:English
Publicado: London : Academic Press, 1982.
Materias:
Etiquetas: Agregar Etiqueta
Sin Etiquetas, Sea el primero en etiquetar este registro!
LEADER 00761cam a22002175a 4500
001 EIQ.libpla004018
008 821118s1982####enka#####b####001#0#eng#d
005 20080428182158.0
245 0 0 |a Small angle x-ray scattering /  |c edited by O. Glatter and O. Kratky. 
260 |a London :  |b Academic Press,  |c 1982. 
300 |a 515 p. :  |b il. ;  |c 24 cm. 
504 |a Incluye referencias bibliográficas e índice. 
020 |a 0122862805 
700 1 |a Glatter, O.,  |e ed.  |4 edt 
700 1 |a Kratky, O.,  |e ed.  |4 edt 
082 0 0 |a 537.5/352  |2 19 
650 4 |a Radiocristalografía  |x Aplicaciones científicas. 
650 0 |a X-ray crystallography  |x Scientific applications. 
010 |a  81068020  
040 |a DLC  |c DLC  |d AR-BbSID 
859 |a AR-BbSID  |b BIB. PLAPIQUI  |h 548.83  |i Sm 18  |p 3155